00475nam a22001572 4500001001100000005001700011008004100028040001500069050001800084100003100102245007100133260003300204300001500237650003400252700003100286000000470120151217151938.0070528s xx 000 0 eng d aKABUcKABU 0aQK711.2b.B661 aBonner, James.@000015541110aPrinciples of plant physiology /cJames Bonner, Arthur G. Galston. aLondon :bWH Freeman,c1952. aix, 499 p. 0aPlant physiology.@00001554101 aGalston, A. G.@0000155412